| 000 | 00896nam a2200301 u 4500 | ||
|---|---|---|---|
| 001 | 65584 | ||
| 003 | Mx-PuUPA | ||
| 005 | 20250714122008.0 | ||
| 008 | 160622s2015 mx r 000 0 spa d | ||
| 020 | _a978-607-471-466-1 | ||
| 040 |
_cMx-PuUPA _aMx-PuUPA _bspa _dMx-PuUPA _erda |
||
| 041 | _aspa | ||
| 100 | 1 |
_aCelis Aguirre, Claudia _eautor |
|
| 245 | 1 | 0 | _aDonde habitan los ángeles. |
| 250 | _aPrimera edición | ||
| 264 |
_aMéxico, D.F. : _bEdiciones SM, _c2015 |
||
| 300 |
_a124 páginas ; _c25 cm. |
||
| 336 |
_atexto _2rdacontent _btxt |
||
| 337 |
_asin mediación _2rdamedia _bn |
||
| 338 |
_avolumen _2rdacarrier _bnc |
||
| 490 | 0 | _aGran angular | |
| 650 | 7 |
_2armarc _aSueños _xNovela |
|
| 650 | 7 |
_2armarc _aNiños abandonados _vNovela |
|
| 650 | 7 |
_2armarc _aAmor _xLiteratura juvenil |
|
| 650 | 7 |
_2armarc _aNovela mexicana _ySiglo XX |
|
| 942 |
_2ddc _cLI |
||
| 999 |
_c65584 _d65584 |
||